Sanat - "Tuulien teitä" - Statistics

Yleistilastot
  • Tätä visaa on pelattu 16 kertaa
  • Keskiarvotulos 57 / 63
Vastaustilastot
Vastaus % Oikein
leijan
100%
leijan
100%
teitä
100%
teitä
100%
teitä
100%
tuulien
100%
tuulien
100%
tuulien
100%
anna
93%
anna
93%
anna
93%
anna
93%
anna
93%
anna
93%
kauneimman
93%
kauneimman
93%
kauneimman
93%
Lasken
93%
Lasken
93%
Lasken
93%
lentää
93%
lentää
93%
lentää
93%
matkaan
93%
matkaan
93%
matkaan
93%
meitä
93%
meitä
93%
meitä
93%
meitä
93%
meitä
93%
meitä
93%
rauha
93%
rauha
93%
rauha
93%
rauha
93%
rauha
93%
rauha
93%
saa
93%
saa
93%
saa
93%
se
93%
se
93%
se
93%
ulapan
93%
ulapan
93%
varjele
93%
varjele
93%
varjele
93%
varjele
93%
varjele
93%
varjele
93%
nousee
86%
nousee
86%
toivo
86%
toivo
86%
yli
86%
yli
86%
yli
86%
kantaa
64%
maailman
57%
toiveen
57%
pyyntö
43%
Ehtoja vastaavia visoja ei löytynyt
Tulosjakauma
Jokaisen tuloksen saaneiden osuus
Persentiili vastausten määrän mukaan
Tuloshistoriasi
Et ole pelannut tätä visaa